<?xml version="1.0" encoding="UTF-8"?>
<record
    xmlns:xsi="http://www.w3.org/2001/XMLSchema-instance"
    xsi:schemaLocation="http://www.loc.gov/MARC21/slim http://www.loc.gov/standards/marcxml/schema/MARC21slim.xsd"
    xmlns="http://www.loc.gov/MARC21/slim">

  <leader>01253nam a2200241 ar4500</leader>
  <controlfield tag="001">3666</controlfield>
  <controlfield tag="005">20221127090803.0</controlfield>
  <controlfield tag="008">140120s        su a          00010|ara d</controlfield>
  <datafield tag="020" ind1=" " ind2=" ">
    <subfield code="a">9960171531</subfield>
  </datafield>
  <datafield tag="082" ind1="0" ind2="4">
    <subfield code="a">378.01</subfield>
    <subfield code="b">&#x643;807</subfield>
  </datafield>
  <datafield tag="100" ind1="1" ind2=" ">
    <subfield code="a">&#x643;&#x64A;&#x646;&#x64A;&#x62F;&#x64A;&#x60C; &#x62F;&#x64A;&#x643;&#x644;&#x627;&#x646;.</subfield>
  </datafield>
  <datafield tag="245" ind1="1" ind2="0">
    <subfield code="a">&#x635;&#x64A;&#x627;&#x63A;&#x629; &#x645;&#x62E;&#x631;&#x62C;&#x627;&#x62A; &#x627;&#x644;&#x62A;&#x639;&#x644;&#x645; &#x648;&#x627;&#x633;&#x62A;&#x62E;&#x62F;&#x627;&#x645;&#x647;&#x627; :</subfield>
    <subfield code="b">(&#x62F;&#x644;&#x64A;&#x644; &#x62A;&#x637;&#x628;&#x64A;&#x642;&#x64A;) /</subfield>
    <subfield code="c">&#x62A;&#x627;&#x644;&#x64A;&#x641; &#x62F;&#x64A;&#x643;&#x644;&#x627;&#x646; &#x643;&#x64A;&#x646;&#x64A;&#x62F;&#x64A; &#x61B; &#x62A;&#x631;&#x62C;&#x645;&#x629; &#x633;&#x639;&#x64A;&#x62F; &#x627;&#x644;&#x632;&#x647;&#x631;&#x627;&#x646;&#x64A;&#x60C; &#x639;&#x628;&#x62F;&#x627;&#x644;&#x62D;&#x645;&#x64A;&#x62F; &#x628;&#x646; &#x645;&#x62D;&#x645;&#x62F; &#x627;&#x62C;&#x628;&#x627;&#x631;.</subfield>
  </datafield>
  <datafield tag="260" ind1=" " ind2=" ">
    <subfield code="a">&#x627;&#x644;&#x631;&#x64A;&#x627;&#x636; :</subfield>
    <subfield code="b">&#x648;&#x632;&#x627;&#x631;&#x629; &#x627;&#x644;&#x62A;&#x639;&#x644;&#x64A;&#x645; &#x627;&#x644;&#x639;&#x627;&#x644;&#x64A;&#x60C;</subfield>
    <subfield code="c">1434[2013].</subfield>
  </datafield>
  <datafield tag="300" ind1=" " ind2=" ">
    <subfield code="a">138 &#x635;. :</subfield>
    <subfield code="b">&#x627;&#x64A;&#x636;. &#x645;&#x644;&#x648;&#x646;&#x629; &#x61B;</subfield>
    <subfield code="c">21 &#x633;&#x645;.</subfield>
  </datafield>
  <datafield tag="440" ind1=" " ind2="0">
    <subfield code="a">&#x633;&#x644;&#x633;&#x644;&#x629; &#x627;&#x635;&#x62F;&#x627;&#x631;&#x627;&#x62A; &#x645;&#x631;&#x643;&#x632; &#x627;&#x644;&#x628;&#x62D;&#x648;&#x62B; &#x648;&#x627;&#x644;&#x62F;&#x631;&#x627;&#x633;&#x627;&#x62A; &#x61B;</subfield>
    <subfield code="v">22.</subfield>
  </datafield>
  <datafield tag="500" ind1=" " ind2=" ">
    <subfield code="a">&#x62A;&#x631;&#x62C;&#x645;&#x629; &#x644;&#x643;&#x62A;&#x627;&#x628;: Writing and using learning outcomes : a practical guide / Declan Kennedy. 2007.</subfield>
  </datafield>
  <datafield tag="504" ind1=" " ind2=" ">
    <subfield code="a">&#x64A;&#x62A;&#x636;&#x645;&#x646; &#x628;&#x628;&#x644;&#x64A;&#x648;&#x62C;&#x631;&#x627;&#x641;&#x64A;&#x627;.</subfield>
  </datafield>
  <datafield tag="650" ind1=" " ind2="4">
    <subfield code="a">&#x627;&#x644;&#x62A;&#x639;&#x644;&#x64A;&#x645; &#x627;&#x644;&#x639;&#x627;&#x644;&#x64A;</subfield>
    <subfield code="x">&#x62A;&#x646;&#x638;&#x64A;&#x645; &#x648;&#x627;&#x62F;&#x627;&#x631;&#x629;.</subfield>
  </datafield>
  <datafield tag="650" ind1=" " ind2="4">
    <subfield code="a">&#x627;&#x644;&#x62A;&#x639;&#x644;&#x64A;&#x645; &#x627;&#x644;&#x639;&#x627;&#x644;&#x64A;</subfield>
    <subfield code="x">&#x627;&#x642;&#x62A;&#x635;&#x627;&#x62F;&#x64A;&#x627;&#x62A;.</subfield>
  </datafield>
  <datafield tag="650" ind1=" " ind2="4">
    <subfield code="a">&#x627;&#x644;&#x62C;&#x627;&#x645;&#x639;&#x627;&#x62A; &#x648;&#x627;&#x644;&#x643;&#x644;&#x64A;&#x627;&#x62A;</subfield>
    <subfield code="x">&#x627;&#x63A;&#x631;&#x627;&#x636;&#x647; &#x648;&#x627;&#x647;&#x62F;&#x627;&#x641;&#x647;.</subfield>
  </datafield>
  <datafield tag="700" ind1="0" ind2=" ">
    <subfield code="a">&#x627;&#x644;&#x632;&#x647;&#x631;&#x627;&#x646;&#x64A;&#x60C; &#x633;&#x639;&#x64A;&#x62F; &#x628;&#x646; &#x645;&#x62D;&#x645;&#x62F;&#x60C;</subfield>
    <subfield code="e">&#x645;&#x62A;&#x631;&#x62C;&#x645;.</subfield>
  </datafield>
  <datafield tag="700" ind1="0" ind2=" ">
    <subfield code="a">&#x627;&#x62C;&#x628;&#x627;&#x631;&#x60C; &#x639;&#x628;&#x62F;&#x627;&#x644;&#x62D;&#x645;&#x64A;&#x62F; &#x628;&#x646; &#x645;&#x62D;&#x645;&#x62F;&#x60C;</subfield>
    <subfield code="e">&#x645;&#x62A;&#x631;&#x62C;&#x645;.</subfield>
  </datafield>
  <datafield tag="999" ind1=" " ind2=" ">
    <subfield code="c">3664</subfield>
    <subfield code="d">3664</subfield>
  </datafield>
  <datafield tag="952" ind1=" " ind2=" ">
    <subfield code="0">0</subfield>
    <subfield code="1">0</subfield>
    <subfield code="2">DDC</subfield>
    <subfield code="4">0</subfield>
    <subfield code="7">0</subfield>
    <subfield code="a">CENTRAL</subfield>
    <subfield code="b">CENTRAL</subfield>
    <subfield code="d">2022-11-27</subfield>
    <subfield code="l">0</subfield>
    <subfield code="o">378.01 DF807</subfield>
    <subfield code="p">1000000008066</subfield>
    <subfield code="r">2022-11-27 00:00:00</subfield>
    <subfield code="t">C1</subfield>
    <subfield code="w">2022-11-27</subfield>
    <subfield code="y">BK</subfield>
  </datafield>
  <datafield tag="952" ind1=" " ind2=" ">
    <subfield code="0">0</subfield>
    <subfield code="1">0</subfield>
    <subfield code="2">DDC</subfield>
    <subfield code="4">0</subfield>
    <subfield code="7">0</subfield>
    <subfield code="a">CENTRAL</subfield>
    <subfield code="b">CENTRAL</subfield>
    <subfield code="d">2022-11-27</subfield>
    <subfield code="l">0</subfield>
    <subfield code="o">378.01 DF807</subfield>
    <subfield code="p">1000000008067</subfield>
    <subfield code="r">2022-11-27 00:00:00</subfield>
    <subfield code="t">C2</subfield>
    <subfield code="w">2022-11-27</subfield>
    <subfield code="y">BK</subfield>
  </datafield>
</record>
